| 000 | 00416nam a2200109Ia 4500 | ||
|---|---|---|---|
| 008 | 200302s9999 xx 000 0 und d | ||
| 100 | _aMoya Carey | ||
| 245 | _aThe illustrated Guide to Islamic art and architecture : a comprehensive history of Islam's 1400-year legacy of art and design, with 500 Colour,photographs, reproductions and fine-art paintings | ||
| 260 | _bHermes House | ||
| 260 | _c2010 | ||
| 300 | _a256 P., | ||
| 999 |
_c3831 _d3831 |
||